Pod Twoją obronę - tekst modlitwy. - Statystyki

Ogólne statystyki
  • Ten quiz został rozwiązany 184 razy
  • Średni wynik to 43 z 51
Statystyki odpowiedzi
Odpowiedź % Poprawnych
O
100%
Pod
100%
Twoją
100%
obronę
97%
Rodzicielko,
96%
się,
96%
uciekamy
94%
święta
92%
Boża
91%
nas
90%
nas
90%
nas
90%
nas
90%
Z
90%
w
88%
naszymi
87%
nasza,
85%
nasza,
85%
nasza.
85%
nasza,
85%
od
85%
racz
85%
racz
85%
i
84%
prośbami
83%
zawsze
83%
Pani
82%
Panno
82%
przygód
82%
wszelakich
82%
wybawiać,
82%
złych
82%
nie
81%
Orędowniczko
81%
błogosławiona.
80%
gardzić
80%
oddawaj.
80%
pojednaj,
80%
polecaj,
80%
swojemu
80%
swojemu
80%
Synem
80%
Synowi
80%
Synowi
80%
chwalebna
79%
naszych,
79%
potrzebach
79%
swoim
79%
ale
78%
Pocieszycielko
78%
Pośredniczko
75%
Nie znaleziono quizów pasujących do podanych kryteriów
Rozkład punktacji
Procent ludzi z każdym wynikiem
Percentyl według liczby udzielonych odpowiedzi
Twoja historia wyników
Nie rozwiązałeś tego quizu